Současná Angola: od marxistického satelitu k perspektivní regionální velmoci

Angola ako silný a rešpektovaný štát v subsaharskej Afrike. Ekonomické a politické vzťahy Angoly so susednými štátmi. Zvýšený záujem Spojených štátov amerických. Portugalsko ako najväčší dovozca do Angoly. Vzťahy Angoly s Ruskom a Čínou. Zlepšujúce sa postavenie Angoly na medzinárodnej scéne.

Salvato in:
Dettagli Bibliografici
Autore principale: Kopecký, Robert
Natura: Capitolo di libro
Lingua:ceco
Soggetti:
Tags: Aggiungi Tag
Nessun Tag, puoi essere il primo ad aggiungerne!!

MARC

LEADER 00000naa$a2200000$$$4500
001 0057782
005 20231016092902.4
041 0 |a cze 
044 |a CZ 
245 1 0 |a Současná Angola: od marxistického satelitu k perspektivní regionální velmoci  |c Robert Kopecký 
520 |a Angola ako silný a rešpektovaný štát v subsaharskej Afrike. Ekonomické a politické vzťahy Angoly so susednými štátmi. Zvýšený záujem Spojených štátov amerických. Portugalsko ako najväčší dovozca do Angoly. Vzťahy Angoly s Ruskom a Čínou. Zlepšujúce sa postavenie Angoly na medzinárodnej scéne. 
610 2 0 |a vzťahy medzinárodné 
610 2 0 |a politika zahraničná 
610 2 0 |a situácia hospodárska 
610 2 0 |a rozvoj hospodársky 
610 2 0 |a spolupráca medzinárodná 
610 2 0 |a ropa 
610 2 0 |a Afrika 
610 2 0 |a Angola 
100 1 |a Kopecký, Robert